[Event "Medellin Raza Cup"]
[Site "Medellin"]
[Date "2022.10.22"]
[Round "7"]
[White "Mora Munoz, Alejandro"]
[Black "Castano Ortiz, Eder"]
[Result "1-0"]
[WhiteElo "1905"]
[BlackElo "2053"]
[PlyCount "104"]
[EventDate "2022.10.19"]
[EventType "swiss"]
[EventRounds "10"]
[EventCountry "COL"]
[SourceTitle "EXT 2024"]
[Source "ChessBase"]
[SourceDate "2023.10.10"]
[SourceVersion "1"]
[SourceVersionDate "2023.10.10"]
[SourceQuality "1"]

1. e4 e6 2. d4 d5 3. Nd2 Nf6 4. e5 Nfd7 5. Bd3 c5 6. c3 Nc6 7. Ne2 cxd4 8. cxd4 f6 9. exf6 Nxf6 10. Nf3 Bd6 11. 0-0 0-0 12. Bf4 Bxf4 13. Nxf4 Ne4 14. Ne2 Ng5 15. Ne5 Nxe5 16. dxe5 Qb6 17. Qb3 Qxb3 18. axb3 Bd7 19. Rfc1 Nf7 20. f4 Nd8 21. Rc7 Bc6 22. b4 Rf7 23. Rxf7 Kxf7 24. b5 Bd7 25. Kf2 h6 26. g4 Ke7 27. Ke3 Nf7 28. Kd4 g6 29. Nc3 g5 30. f5 Nd8 31. f6+ Kf8 32. h4 Rc8 33. hxg5 hxg5 34. Rxa7 Ke8 35. Ra1 Kf8 36. Rh1 Nf7 37. Rh7 b6 38. Rg7 Be8 39. b3 Nxe5 40. Kxe5 Rxc3 41. Bh7 Bf7 42. Rxg5 Re3+ 43. Kf4 Rxb3 44. Rg7 Rxb5 45. g5 d4 46. Be4 Be8 47. Rh7 d3 48. g6 Kg8 49. f7+ Bxf7 50. gxf7+ Kf8 51. Bg6 Ke7 52. Rh8 Rb4+ 1-0

[Event "Medellin Feria de las Flores op"]
[Site "Medellin"]
[Date "2022.08.04"]
[Round "3"]
[White "Lopez Rayo, Santiago"]
[Black "Castano Ortiz, Eder"]
[Result "1/2-1/2"]
[WhiteElo "2224"]
[BlackElo "2057"]
[PlyCount "65"]
[EventDate "2022.08.03"]
[EventType "swiss"]
[EventRounds "9"]
[EventCountry "COL"]
[SourceTitle "CBM 209 Extra"]
[Source "ChessBase"]
[SourceDate "2022.09.30"]
[SourceVersion "1"]
[SourceVersionDate "2022.09.30"]
[SourceQuality "1"]

1. e4 c5 2. Nf3 Nc6 3. d4 cxd4 4. Nxd4 Nf6 5. Nc3 e6 6. Ndb5 Bb4 7. Bf4 e5 8. Bg5 d6 9. a3 Bxc3+ 10. Nxc3 h6 11. Bxf6 Qxf6 12. Nd5 Qd8 13. Be2 0-0 14. 0-0 f5 15. exf5 Bxf5 16. c3 Be6 17. Bg4 Bxg4 18. Qxg4 Kh8 19. Rad1 Ne7 20. Qb4 Nf5 21. Qxb7 Rb8 22. Qxa7 Rxb2 23. Ne3 Nxe3 24. Qxe3 Rb3 25. a4 Qa5 26. Rxd6 Rxc3 27. Qe4 Ra3 28. Rd5 Qxa4 29. Qxa4 Rxa4 30. Rxe5 Rfa8 31. g3 Ra1 32. Rxa1 Rxa1+ 33. Kg2 1/2-1/2

[Event "Medellin Castro Memorial 36th"]
[Site "Medellin"]
[Date "2019.08.07"]
[Round "1"]
[White "Castano Ortiz, Eder"]
[Black "Soto, Miguel Angel"]
[Result "0-1"]
[WhiteElo "2064"]
[BlackElo "2288"]
[PlyCount "120"]
[EventDate "2019.08.07"]
[EventType "swiss"]
[EventRounds "9"]
[EventCountry "COL"]
[SourceTitle "EXT 2020"]
[Source "ChessBase"]
[SourceDate "2019.10.17"]
[SourceVersion "1"]
[SourceVersionDate "2019.10.17"]
[SourceQuality "1"]

1. e4 c5 2. Nf3 d6 3. Bb5+ Bd7 4. Bxd7+ Qxd7 5. 0-0 Nc6 6. d4 cxd4 7. Nxd4 Nf6 8. Re1 g6 9. c4 Bg7 10. Nc3 0-0 11. f3 Rfc8 12. Be3 Nxd4 13. Bxd4 Rxc4 14. Qd3 Rcc8 15. Rad1 b6 16. Bxf6 Bxf6 17. e5 Bg7 18. exd6 exd6 19. Qxd6 Qxd6 20. Rxd6 Bxc3 21. bxc3 Rxc3 22. Rd7 a5 23. Ree7 Rf8 24. Rb7 Rc6 25. Kf2 Rf6 26. Ke3 Rc8 27. Rec7 Re8+ 28. Kf2 Re5 29. a4 Rh5 30. Rc8+ Kg7 31. Kg3 Rg5+ 32. Kf2 Rd5 33. Rc4 Rd2+ 34. Kg3 Rb2 35. Rbc7 Rf5 36. h4 h5 37. Re4 g5 38. Kh3 Rb1 39. hxg5 Rxg5 40. g4 hxg4+ 41. fxg4 Rb3+ 42. Kh4 Rg6 43. Rf4 Rf6 44. Re4 Rf1 45. Kg5 Rff3 46. Kh5 Rbc3 47. Rb7 Rc6 48. Rd4 Kf6 49. g5+ Kg7 50. Kg4 Rf1 51. Rbd7 Rc2 52. R7d5 Rg2+ 53. Kh5 Re1 54. Rd8 Re5 55. Rg4 Rh2+ 56. Rh4 Rxh4+ 57. Kxh4 Re4+ 58. Kh5 Rxa4 59. Rb8 Rb4 60. Rb7 Rb1 0-1

[Event "Medellin Flores op 25th"]
[Site "Medellin"]
[Date "2018.08.07"]
[Round "9"]
[White "Obando Guzman, Soren Federico"]
[Black "Castano Ortiz, Eder"]
[Result "1-0"]
[WhiteElo "2022"]
[BlackElo "2063"]
[PlyCount "71"]
[EventDate "2018.08.03"]
[EventType "swiss"]
[EventRounds "9"]
[EventCountry "COL"]
[SourceTitle "CBM 185 Extra"]
[Source "ChessBase"]
[SourceDate "2018.07.29"]
[SourceVersion "1"]
[SourceVersionDate "2018.07.29"]
[SourceQuality "1"]

1. d4 Nf6 2. c4 e6 3. Nf3 Bb4+ 4. Nbd2 b6 5. g3 Bb7 6. Bg2 0-0 7. 0-0 Bxd2 8. Qxd2 Ne4 9. Qc2 d5 10. b3 Nd7 11. Bb2 Rc8 12. Rfd1 c6 13. Ne1 f5 14. Nd3 Qe8 15. f3 Nef6 16. Nf2 g5 17. e4 Qg6 18. Qe2 Rce8 19. Re1 h5 20. Qe3 Kh7 21. cxd5 cxd5 22. Rac1 f4 23. Qd2 Rc8 24. e5 fxg3 25. hxg3 Ng8 26. Nh3 g4 27. Nf4 Qh6 28. fxg4 hxg4 29. Rxc8 Bxc8 30. Kf2 Qg5 31. Rh1+ Nh6 32. Ke1 Ba6 33. Bc1 Rc8 34. Rh5 Rxc1+ 35. Qxc1 Qg8 36. Nxd5 1-0

[Event "COL-ch sf"]
[Site "Medellin"]
[Date "2018.03.15"]
[Round "3"]
[White "Castano Ortiz, Eder"]
[Black "Cifuentes, John Jairo"]
[Result "1/2-1/2"]
[WhiteElo "2067"]
[BlackElo "2290"]
[PlyCount "106"]
[EventDate "2018.03.14"]
[EventType "swiss"]
[EventRounds "10"]
[EventCountry "COL"]
[SourceTitle "CBM 183 Extra"]
[Source "ChessBase"]
[SourceDate "2018.04.19"]
[SourceVersion "1"]
[SourceVersionDate "2018.04.19"]
[SourceQuality "1"]

1. d4 d5 2. Nf3 Nf6 3. Bf4 e6 4. e3 Bd6 5. Bg3 Ne4 6. c4 c6 7. Nc3 Bb4 8. Qb3 Qa5 9. Rc1 Nd7 10. a3 Bxc3+ 11. bxc3 b6 12. Bd3 Ba6 13. 0-0 0-0 14. Rfd1 Nxg3 15. hxg3 Rfc8 16. cxd5 cxd5 17. c4 dxc4 18. Bxc4 Bxc4 19. Rxc4 Qd5 20. Rdc1 Rxc4 21. Qxc4 Qxc4 22. Rxc4 b5 23. Rc7 Nb6 24. g4 h6 25. g5 Nc4 26. a4 a6 27. Kf1 Nd6 28. Rc6 Ne4 29. gxh6 bxa4 30. Rc4 gxh6 31. Rxa4 f6 32. Ra5 Kf7 33. Ke2 Ke7 34. Nd2 Nd6 35. Kd3 Nb7 36. Ra3 a5 37. g4 Nd6 38. Nc4 Nxc4 39. Kxc4 f5 40. f3 Kf6 41. Kc5 fxg4 42. fxg4 Kg5 43. Kd6 Ra6+ 44. Ke5 Kxg4 45. e4 h5 46. d5 exd5 47. exd5 h4 48. d6 h3 49. d7 Ra8 50. Ra4+ Kg5 51. Ke6 h2 52. Rxa5+ Rxa5 53. d8Q+ Kg4 1/2-1/2

[Event "Medellin Conconcreto op"]
[Site "Medellin"]
[Date "2018.01.27"]
[Round "5"]
[White "Castaneda Jimenez, Jhon David"]
[Black "Castano Ortiz, Eder"]
[Result "1-0"]
[WhiteElo "2216"]
[BlackElo "2037"]
[PlyCount "65"]
[EventDate "2018.01.24"]
[EventType "swiss"]
[EventRounds "7"]
[EventCountry "COL"]
[SourceTitle "CBM 182 Extra"]
[Source "ChessBase"]
[SourceDate "2018.02.23"]
[SourceVersion "1"]
[SourceVersionDate "2018.02.23"]
[SourceQuality "1"]

1. d4 Nf6 2. Nf3 e6 3. c4 b6 4. g3 Bb7 5. Bg2 Be7 6. 0-0 0-0 7. Re1 d5 8. cxd5 exd5 9. Nc3 Ne4 10. Bf4 g5 11. Bc1 f5 12. Qb3 Kg7 13. Ne5 Bf6 14. f3 Nxc3 15. bxc3 Nc6 16. f4 Na5 17. Qc2 Bxe5 18. fxe5 Nc4 19. Rf1 Bc8 20. Bh3 g4 21. Bg2 Be6 22. Bf4 Rf7 23. Qc1 h5 24. Bg5 Qg8 25. h3 Kf8 26. hxg4 hxg4 27. Kf2 Rh7 28. Qf4 Ke8 29. Rh1 Kd7 30. Bxd5 Rg7 31. Bxe6+ Kxe6 32. Bf6 Rh7 33. d5+ 1-0

[Event "Medellin Conconcreto op"]
[Site "Medellin"]
[Date "2018.01.27"]
[Round "4"]
[White "Castano Ortiz, Eder"]
[Black "Escobar Medina, Andres F"]
[Result "0-1"]
[WhiteElo "2037"]
[BlackElo "2316"]
[PlyCount "88"]
[EventDate "2018.01.24"]
[EventType "swiss"]
[EventRounds "7"]
[EventCountry "COL"]
[SourceTitle "CBM 182 Extra"]
[Source "ChessBase"]
[SourceDate "2018.02.23"]
[SourceVersion "1"]
[SourceVersionDate "2018.02.23"]
[SourceQuality "1"]

1. d4 Nf6 2. Bf4 d5 3. e3 c5 4. Nf3 Nc6 5. c3 Qb6 6. Qb3 c4 7. Qxb6 axb6 8. Na3 e5 9. Nb5 Ra5 10. dxe5 Rxb5 11. exf6 Rxb2 12. e4 Be6 13. exd5 Bxd5 14. 0-0-0 Rb5 15. Rxd5 Rxd5 16. Bxc4 Rf5 17. Re1+ Be7 18. fxg7 Rg8 19. Bg3 Rxg7 20. Kc2 Kd8 21. a4 Rc5 22. Bb5 Rg6 23. Bf4 Rxg2 24. Be3 Kc7 25. Bf1 Rg4 26. Bxc5 Bxc5 27. Bb5 Bxf2 28. Re2 Bc5 29. Ne5 Rf4 30. Nd3 Rf5 31. Rg2 Bd6 32. Rg7 h5 33. Bc4 Nd8 34. h3 Kd7 35. Kd2 Ke7 36. Ke2 Be5 37. Nxe5 Rxe5+ 38. Kf3 Rc5 39. Bd3 Rxc3 40. Ke2 Ne6 41. Rg3 Nf4+ 42. Ke3 Nxd3 43. Kd4 Rb3 44. Rxd3 Rxd3+ 0-1

[Event "Medellin Luces Cup"]
[Site "Medellin"]
[Date "2017.12.19"]
[Round "3"]
[White "Medina, Julio C"]
[Black "Castano Ortiz, Eder"]
[Result "0-1"]
[WhiteElo "1869"]
[BlackElo "2028"]
[PlyCount "33"]
[EventDate "2017.12.18"]
[EventType "swiss"]
[EventRounds "7"]
[EventCountry "COL"]
[SourceTitle "CBM 182 Extra"]
[Source "ChessBase"]
[SourceDate "2018.02.23"]
[SourceVersion "1"]
[SourceVersionDate "2018.02.23"]
[SourceQuality "1"]

1. e4 e6 2. d4 d5 3. Nd2 Nf6 4. e5 Nfd7 5. f4 c5 6. Ngf3 Nc6 7. Nb3 c4 8. Nbd2 b5 9. c3 Qb6 10. g4 b4 11. a3 bxc3 12. bxc3 Qa5 13. Qc2 Nb6 14. a4 Bd7 15. Be2 Ne7 16. Bd1 h5 17. g5 0-1

[Event "Medellin Raza op 7th"]
[Site "Medellin"]
[Date "2017.10.18"]
[Round "1"]
[White "Escobar Medina, Andres F"]
[Black "Castano Ortiz, Eder"]
[Result "1-0"]
[WhiteElo "2293"]
[BlackElo "2035"]
[PlyCount "103"]
[EventDate "2017.10.18"]
[EventType "swiss"]
[EventRounds "9"]
[EventCountry "COL"]
[SourceTitle "CBM 181 Extra"]
[Source "ChessBase"]
[SourceDate "2017.12.12"]
[SourceVersion "1"]
[SourceVersionDate "2017.12.12"]
[SourceQuality "1"]

1. e4 e6 2. d4 d5 3. e5 c5 4. c3 Nc6 5. Nf3 Qb6 6. a3 c4 7. g3 Bd7 8. Bh3 Na5 9. Nbd2 Ne7 10. 0-0 h6 11. Nh4 0-0-0 12. f4 g6 13. Bg4 Kb8 14. Bf3 Qc7 15. g4 Bg7 16. Rb1 Rdg8 17. Ng2 Nc8 18. b4 cxb3 19. Nxb3 Ba4 20. Nc5 Bxd1 21. Na6+ Ka8 22. Nxc7+ Kb8 23. Na6+ Ka8 24. Rxd1 bxa6 25. f5 gxf5 26. gxf5 h5 27. Kf2 Bh6 28. Bxh6 Rxh6 29. Nf4 Nb6 30. fxe6 fxe6 31. Nxe6 Rxe6 32. Rxb6 axb6 33. Bxd5+ Rc6 34. Bxg8 Rxc3 35. e6 Nb7 36. e7 Nd6 37. Bf7 Rc2+ 38. Kf3 Rxh2 39. e8Q+ Nxe8 40. Bxe8 Rh3+ 41. Ke4 Rxa3 42. d5 Kb8 43. Rc1 Ra2 44. Bxh5 Rd2 45. Ke5 b5 46. d6 b4 47. Rc4 a5 48. Rc5 Kb7 49. Rxa5 Kb6 50. Ra8 Kc5 51. Rc8+ Kb5 52. d7 1-0

[Event "Medellin Aristizabal Cup"]
[Site "Medellin"]
[Date "2017.09.10"]
[Round "5"]
[White "Castano Ortiz, Eder"]
[Black "Taborda, Juan David"]
[Result "1/2-1/2"]
[WhiteElo "2034"]
[BlackElo "1799"]
[PlyCount "28"]
[EventDate "2017.09.06"]
[EventType "swiss"]
[EventRounds "7"]
[EventCountry "COL"]
[SourceTitle "CBM 180 Extra"]
[Source "ChessBase"]
[SourceDate "2017.10.06"]
[SourceVersion "1"]
[SourceVersionDate "2017.10.06"]
[SourceQuality "1"]

1. d4 e6 2. c4 f5 3. Nf3 Nf6 4. Nc3 d5 5. Bf4 c6 6. e3 Be7 7. Bd3 0-0 8. Qe2 Ne4 9. h4 Nd7 10. h5 Ndf6 11. Ne5 Bd7 12. Bxe4 Nxe4 13. Nxe4 fxe4 14. Qg4 Rf5 1/2-1/2

[Event "Medellin Aristizabal Cup"]
[Site "Medellin"]
[Date "2017.09.08"]
[Round "3"]
[White "Castano Ortiz, Eder"]
[Black "Panesso Rivera, Henry"]
[Result "0-1"]
[WhiteElo "2034"]
[BlackElo "2418"]
[PlyCount "58"]
[EventDate "2017.09.06"]
[EventType "swiss"]
[EventRounds "7"]
[EventCountry "COL"]
[SourceTitle "CBM 180 Extra"]
[Source "ChessBase"]
[SourceDate "2017.10.06"]
[SourceVersion "1"]
[SourceVersionDate "2017.10.06"]
[SourceQuality "1"]

1. e4 g6 2. d4 d6 3. Nc3 Nf6 4. Bc4 Bg7 5. Qe2 e5 6. dxe5 dxe5 7. Bg5 0-0 8. Rd1 Nbd7 9. Nd5 c6 10. Nxf6+ Bxf6 11. Bh6 Bg7 12. Bxg7 Kxg7 13. Nf3 Qc7 14. 0-0 b5 15. Bd3 Nc5 16. Qe3 Na4 17. Qc1 Be6 18. c4 bxc4 19. Be2 Qa5 20. Rd6 Qc5 21. Rfd1 Bd5 22. R1xd5 cxd5 23. Rxd5 Qb4 24. Nxe5 Qxb2 25. Qxb2 Nxb2 26. Nxc4 Nxc4 27. Bxc4 Rfc8 28. Bf1 Rab8 29. g4 Rb2 0-1

[Event "Medellin Flores op 24th"]
[Site "Medellin"]
[Date "2017.08.03"]
[Round "1"]
[White "Castano Ortiz, Eder"]
[Black "Hernandez Montes, Jhon Sebastian"]
[Result "0-1"]
[WhiteElo "2041"]
[BlackElo "2266"]
[PlyCount "28"]
[EventDate "2017.08.03"]
[EventType "swiss"]
[EventRounds "9"]
[EventCountry "COL"]
[SourceTitle "CBM 179 Extra"]
[Source "ChessBase"]
[SourceDate "2017.08.23"]
[SourceVersion "1"]
[SourceVersionDate "2017.08.23"]
[SourceQuality "1"]

1. d4 Nf6 2. Nf3 g6 3. Bf4 Bg7 4. e3 0-0 5. Be2 c5 6. c3 b6 7. h3 Bb7 8. 0-0 d6 9. Nbd2 Nbd7 10. Qe1 Qc7 11. Rd1 Rac8 12. g4 cxd4 13. exd4 Nd5 14. Bh2 Bh6 0-1

[Event "American Continental 13th"]
[Site "Medellin"]
[Date "2017.06.13"]
[Round "6"]
[White "Lora, Joel Fernando"]
[Black "Castano Ortiz, Eder"]
[Result "1-0"]
[WhiteElo "2193"]
[BlackElo "2029"]
[PlyCount "81"]
[EventDate "2017.06.10"]
[EventType "swiss"]
[EventRounds "11"]
[EventCountry "COL"]
[SourceTitle "CBM 178 Extra"]
[Source "ChessBase"]
[SourceDate "2017.06.22"]
[SourceVersion "1"]
[SourceVersionDate "2017.06.22"]
[SourceQuality "1"]

1. c4 Nf6 2. Nc3 e5 3. Nf3 Nc6 4. g3 d5 5. cxd5 Nxd5 6. Bg2 Be6 7. 0-0 Be7 8. d4 Nxc3 9. bxc3 e4 10. Nd2 f5 11. e3 0-0 12. Qc2 Na5 13. c4 c6 14. Rd1 b5 15. Bf1 a6 16. Bb2 Bf6 17. Bc3 Rf7 18. Bxa5 Qxa5 19. a4 Qc7 20. Nb3 b4 21. a5 Be7 22. c5 g5 23. Nd2 Bd5 24. Rdb1 b3 25. Nxb3 f4 26. Nd2 fxg3 27. fxg3 Raf8 28. Bxa6 h5 29. Rf1 h4 30. Kg2 Qd7 31. Be2 hxg3 32. hxg3 Rh7 33. Rh1 Qf5 34. Raf1 Qg6 35. Rxf8+ Kxf8 36. Rxh7 Qxh7 37. Qd1 Bd8 38. a6 Be6 39. Bg4 Bd5 40. Qf1+ Ke8 41. Qf5 1-0

[Event "Medellin Construct op"]
[Site "Medellin"]
[Date "2017.01.26"]
[Round "2"]
[White "Castano Ortiz, Eder"]
[Black "Sierra Mejia, Juan Pablo"]
[Result "0-1"]
[WhiteElo "2033"]
[BlackElo "2093"]
[PlyCount "109"]
[EventDate "2017.01.25"]
[EventType "swiss"]
[EventRounds "7"]
[EventCountry "COL"]
[SourceTitle "CBM 176 Extra"]
[Source "ChessBase"]
[SourceDate "2017.03.02"]
[SourceVersion "1"]
[SourceVersionDate "2017.03.02"]
[SourceQuality "1"]

1. d4 Nf6 2. Nf3 e6 3. Bf4 d5 4. e3 c5 5. c3 Nc6 6. Bd3 Bd6 7. Bg3 0-0 8. Nbd2 b6 9. Ne5 Ne7 10. f4 Bb7 11. Qf3 Nf5 12. Bf2 Be7 13. g4 Nd6 14. g5 Nfe4 15. h4 f6 16. gxf6 Bxf6 17. 0-0-0 Rc8 18. Kb1 Qe8 19. h5 cxd4 20. cxd4 Qa4 21. Rhg1 Rc3 22. Nb3 Nc4 23. Nxc4 Rxd3 24. Ne5 Rxd1+ 25. Rxd1 Rc8 26. Be1 Ba6 27. Qg4 Qe8 28. Bh4 Bxh4 29. Qxh4 Be2 30. Rh1 h6 31. Qh2 Bb5 32. Qg2 Nd6 33. Ng4 Qf8 34. Ne5 Nf5 35. Qf2 a5 36. Nd2 Qb4 37. Ndf3 Qa4 38. Qd2 Be8 39. Ng6 Qb4 40. Qxb4 axb4 41. Nfe5 Bxg6 42. Nxg6 Kh7 43. Rh3 Nd6 44. Ne5 Ne4 45. Rh2 Rf8 46. Nd3 b3 47. axb3 Rf5 48. b4 Ng3 49. b5 Rxh5 50. Rc2 Rh1+ 51. Ka2 h5 52. Rc6 h4 53. Ne5 h3 54. Nf3 Rf1 55. Rxb6 0-1

[Event "Medellin Antioquia Cup"]
[Site "Medellin"]
[Date "2016.10.15"]
[Round "7"]
[White "Castano Ortiz, Eder"]
[Black "Laverde, Luis Eduardo"]
[Result "1/2-1/2"]
[WhiteElo "2051"]
[BlackElo "2077"]
[PlyCount "24"]
[EventDate "2016.10.12"]
[EventType "swiss"]
[EventRounds "8"]
[EventCountry "COL"]
[SourceTitle "CBM 175 Extra"]
[Source "ChessBase"]
[SourceDate "2016.12.12"]
[SourceVersion "1"]
[SourceVersionDate "2016.12.12"]
[SourceQuality "1"]

1. d4 Nf6 2. Nf3 g6 3. Bf4 Bg7 4. e3 d6 5. Be2 Nbd7 6. h3 c5 7. c3 0-0 8. 0-0 b6 9. Nbd2 Bb7 10. Bh2 Rc8 11. Qb1 Re8 12. Rc1 Qc7 1/2-1/2

[Event "Medellin Flores op 23rd"]
[Site "Medellin"]
[Date "2016.08.06"]
[Round "6"]
[White "Gomez, Jhon D"]
[Black "Castano Ortiz, Eder"]
[Result "1-0"]
[WhiteElo "1708"]
[BlackElo "2048"]
[PlyCount "99"]
[EventDate "2016.08.03"]
[EventType "swiss"]
[EventRounds "9"]
[EventCountry "COL"]
[SourceTitle "CBM 173 Extra"]
[Source "ChessBase"]
[SourceDate "2016.08.29"]
[SourceVersion "1"]
[SourceVersionDate "2016.08.29"]
[SourceQuality "1"]

1. Nf3 Nf6 2. c4 g6 3. g3 Bg7 4. Bg2 c5 5. 0-0 Nc6 6. Nc3 0-0 7. d3 d6 8. a3 h6 9. Rb1 Kh7 10. b4 Nh5 11. Bd2 cxb4 12. axb4 f5 13. b5 Nd4 14. Nxd4 Bxd4 15. e3 Bg7 16. b6 a6 17. Nd5 e6 18. Nc7 Rb8 19. d4 Nf6 20. Bb4 Rf7 21. d5 e5 22. Ne6 Qd7 23. Qb3 Bf8 24. f3 Be7 25. e4 Qe8 26. exf5 gxf5 27. Bh3 Nh5 28. Qd3 Ng7 29. Kh1 Kh8 30. Qe3 Rf6 31. Nxg7 Kxg7 32. f4 e4 33. Bc3 h5 34. Rfd1 Qf7 35. c5 Bd7 36. Rbc1 dxc5 37. d6 Bd8 38. Bxf6+ Qxf6 39. Qxc5 Rc8 40. Qb4 Rxc1 41. Rxc1 Qe6 42. Qd4+ Bf6 43. Qd1 Kg6 44. Rc5 Qa2 45. Bf1 Qb2 46. Be2 Qxb6 47. Bxh5+ Kh6 48. Bf7 Kg7 49. Qh5 Qxd6 50. Rc8 1-0

[Event "Medellin Flores op 23rd"]
[Site "Medellin"]
[Date "2016.08.04"]
[Round "3"]
[White "Castano Ortiz, Eder"]
[Black "Almeida Quintana, Omar"]
[Result "0-1"]
[WhiteElo "2048"]
[BlackElo "2532"]
[PlyCount "90"]
[EventDate "2016.08.03"]
[EventType "swiss"]
[EventRounds "9"]
[EventCountry "COL"]
[SourceTitle "CBM 173 Extra"]
[Source "ChessBase"]
[SourceDate "2016.08.29"]
[SourceVersion "1"]
[SourceVersionDate "2016.08.29"]
[SourceQuality "1"]

1. e4 g6 2. Nf3 Bg7 3. g3 d6 4. Bg2 c5 5. 0-0 Nc6 6. d3 Bg4 7. h3 Bxf3 8. Bxf3 e6 9. Bg2 Nge7 10. c3 0-0 11. Be3 Rc8 12. Qd2 f5 13. Bh6 Bxh6 14. Qxh6 f4 15. gxf4 Rf7 16. f5 exf5 17. f4 Qb6 18. Rf2 fxe4 19. dxe4 c4 20. Nd2 Qxb2 21. Raf1 Qxc3 22. f5 Ne5 23. Nf3 Nxf3+ 24. Rxf3 Qd4+ 25. Kh1 Rcf8 26. f6 Nc6 27. h4 Qe5 28. h5 Qxh5+ 29. Qxh5 gxh5 30. Rf4 Ne5 31. Bh3 Rc7 32. Rg1+ Kh8 33. Be6 c3 34. Bb3 c2 35. Rff1 b5 36. Rc1 a5 37. Rxc2 Rxc2 38. Bxc2 Rxf6 39. Bb3 Ng4 40. Kg2 a4 41. Bd1 Rf2+ 42. Kg3 Rxa2 43. Bxg4 hxg4 44. Kxg4 a3 45. Kf5 Re2 0-1

[Event "Medellin IRT op"]
[Site "Medellin"]
[Date "2012.08.06"]
[Round "6"]
[White "Castano Ortiz, Eder"]
[Black "Uribe Sanchez, Alejandro"]
[Result "0-1"]
[WhiteElo "2058"]
[BlackElo "1780"]
[PlyCount "52"]
[EventDate "2012.08.03"]
[EventType "swiss"]
[EventRounds "9"]
[EventCountry "COL"]
[SourceTitle "CBM 149 Extra"]
[Source "ChessBase"]
[SourceDate "2012.08.24"]
[SourceVersion "1"]
[SourceVersionDate "2012.08.24"]
[SourceQuality "1"]

1. e4 e6 2. Nc3 d5 3. Nf3 Nf6 4. e5 Nfd7 5. d4 c5 6. Bf4 a6 7. Be2 Nc6 8. dxc5 Bxc5 9. 0-0 Qc7 10. Re1 f6 11. Bg3 Ndxe5 12. Nxe5 Nxe5 13. Bxe5 fxe5 14. Nxd5 exd5 15. Qxd5 Be7 16. Bc4 Bf6 17. f4 Rf8 18. fxe5 Be7 19. Kh1 Qc5 20. Qd3 Bf5 21. Qb3 0-0-0 22. Be6+ Kb8 23. c3 Rd2 24. Bxf5 Rxf5 25. Rad1 Qf2 26. Rg1 Bc5 0-1

[Event "Medellin Cuartas Memorial"]
[Site "Medellin"]
[Date "2011.08.05"]
[Round "4"]
[White "Cano Acosta, Luis Fernando"]
[Black "Castano Ortiz, Eder"]
[Result "1-0"]
[WhiteElo "2218"]
[BlackElo "2058"]
[PlyCount "93"]
[EventDate "2011.08.03"]
[EventType "swiss"]
[EventRounds "8"]
[EventCountry "COL"]
[SourceTitle "CBM 144 Extra"]
[Source "ChessBase"]
[SourceDate "2011.10.28"]
[SourceVersion "1"]
[SourceVersionDate "2011.10.28"]
[SourceQuality "1"]

1. Nf3 Nf6 2. g3 g6 3. Bg2 Bg7 4. 0-0 0-0 5. d4 d5 6. c4 c6 7. cxd5 cxd5 8. Nc3 Nc6 9. Ne5 e6 10. Nxc6 bxc6 11. Bg5 h6 12. Bf4 Nh5 13. Be3 f5 14. f4 Nf6 15. Rc1 h5 16. h3 Bd7 17. Na4 Qc7 18. Nc5 Ne8 19. Bf2 Nd6 20. Qa4 Nb5 21. Nxe6 Bxe6 22. Qxb5 Rfc8 23. Qd3 Bf8 24. Rc2 Bd6 25. Rfc1 Qb6 26. e3 Kf7 27. Bf3 Rc7 28. Be1 a5 29. a3 Rac8 30. Bc3 Ra8 31. Kg2 Rac8 32. Qd2 Ra8 33. Qe2 Rh8 34. Qe1 Ra8 35. Qe2 Ke7 36. g4 Rca7 37. gxh5 gxh5 38. Kh2 Kd7 39. Qe1 Rc7 40. Qd2 Rh8 41. Bxa5 Qb3 42. Bxc7 Bxc7 43. Rxc6 Bd6 44. Qa5 Qxb2+ 45. R1c2 Qxa3 46. Rc7+ Ke8 47. Qb5+ 1-0